000 00409pab a2200157 454500
008 180718b1970 xxu||||| |||| 00| 0 eng d
100 _aBhide, V.M.
245 _aAdministrative aspects of some common funtions
260 _c1970
300 _ap.400-410.
362 _aJul-Sep
650 _aFederal state relations
773 _aIndian Journal of Public Administration
908 _aN
909 _a100045
999 _c100044
_d100044